Horizontal Tricolor Flags - Statistics

General Stats
  • This quiz has been taken 37 times
  • The average score is 11 of 12
Answer Stats
Picture Answer % Correct
Netherlands
100%
Estonia
97%
Luxembourg
97%
Hungary
94%
Russia
94%
Venezuela
94%
Gabon
89%
Lesotho
89%
Niger
89%
Bolivia
83%
Sierra Leone
83%
Myanmar
80%
No matching quizzes found
Score Distribution
Percent of People with Each Score
Percentile by Number Answered
Your Score History
You have not taken this quiz